Método Perrier de lengua francesa. Curso superior
সংরক্ষণ করুন:
| প্রধান লেখক: | |
|---|---|
| বিন্যাস: | গ্রন্থ |
| ভাষা: | ফরাসি |
| প্রকাশিত: |
Barcelona
Perrier
1940
|
| বিষয়গুলি: | |
| ট্যাগগুলো: |
ট্যাগ যুক্ত করুন
কোনো ট্যাগ নেই, প্রথমজন হিসাবে ট্যাগ করুন!
|
MARC
| LEADER | 00000nam a2200000 a 4500 | ||
|---|---|---|---|
| 001 | UCI4821 | ||
| 003 | CL-VaPUC | ||
| 008 | 080307e19400000SP |||||||||||||||||fre|d | ||
| 082 | 0 | 4 | |a 445 |b PER |2 21 |
| 100 | 0 | |a Perrier, Alphonse |e author |9 526869 | |
| 245 | 1 | 0 | |a Método Perrier de lengua francesa. Curso superior |
| 300 | |a 265 p | ||
| 942 | |c BK | ||
| 945 | |d 20080307 00:00:00 |a rbrito | ||
| 260 | |a Barcelona |b Perrier |c 1940 | ||
| 500 | |a Donación padres capuchinos | ||
| 650 | 7 | |a GRAMATICA FRANCESA |2 CL-VaPUC |9 416915 | |
| 650 | 7 | |a FRANCES |2 CL-VaPUC |9 259059 | |
| 650 | 7 | |a ENSEÑANZA DEL FRANCES |2 CL-VaPUC |9 410132 | |
| 650 | 0 | |a Enseñanza de idiomas |9 339820 | |
| 583 | |a last modification |c 20080307 00:00:00 |k Rodrigo Vera | ||
| 999 | |c 328668 |d 328666 | ||
| 952 | |0 0 |1 0 |4 0 |6 445_000000000000000_PER_1940 |7 0 |8 X |9 412739 |a FDOBUD |b FDOBUD |d 2019-11-22 |i 4408845 |o 445 PER 1940 |p 4408845 |r 2019-11-22 |w 2019-11-22 |y BK_X |k BUD | ||